儒家文化对企业绿色技术创新、环 境绩效的影响机制研究 (Record no. 1001990)
[ view plain ]
| 000 -LEADER | |
|---|---|
| fixed length control field | 01989nam a2200349 4500 |
| 005 - DATE AND TIME OF LATEST TRANSACTION | |
| control field | 20250719174839.0 |
| 008 - FIXED-LENGTH DATA ELEMENTS--GENERAL INFORMATION | |
| fixed length control field | 250719b2024 th ||||| |||| 00| 0 chi d |
| 040 ## - CATALOGING SOURCE | |
| Original cataloging agency | PIMLIB |
| Transcribing agency | PIMLIB |
| 050 ## - LIBRARY OF CONGRESS CALL NUMBER | |
| Classification number | Thesis |
| Item number | X6R |
| Year | 2024 |
| 100 ## - MAIN ENTRY--PERSONAL NAME | |
| 9 (RLIN) | 101541 |
| Personal name | XIANG GAO |
| 245 ## - TITLE STATEMENT | |
| Title | 儒家文化对企业绿色技术创新、环 境绩效的影响机制研究 |
| 246 ## - VARYING FORM OF TITLE | |
| Title proper/short title | Research on the influence mechanism of confucian culture on green technology innovation and environmental performance in enterprises |
| 260 ## - PUBLICATION, DISTRIBUTION, ETC. | |
| Place of publication, distribution, etc. | Nonthaburi : |
| Name of publisher, distributor, etc. | Panyapiwat Institute of Management, |
| Date of publication, distribution, etc. | 2024 |
| 300 ## - PHYSICAL DESCRIPTION | |
| Extent | P.118 |
| 502 ## - DISSERTATION NOTE | |
| Dissertation note | Thesis : Doctor of Philosophy Business Administration (Chinese Program) -- Panyapiwat Institute of Management, 2024.<br/> |
| 650 #0 - SUBJECT ADDED ENTRY--TOPICAL TERM | |
| 9 (RLIN) | 63800 |
| Topical term or geographic name entry element | CPHD |
| 650 #0 - SUBJECT ADDED ENTRY--TOPICAL TERM | |
| 9 (RLIN) | 101542 |
| Topical term or geographic name entry element | 儒家文化 |
| 650 #0 - SUBJECT ADDED ENTRY--TOPICAL TERM | |
| 9 (RLIN) | 101543 |
| Topical term or geographic name entry element | 绿色技术创新 |
| 650 #0 - SUBJECT ADDED ENTRY--TOPICAL TERM | |
| 9 (RLIN) | 101544 |
| Topical term or geographic name entry element | 环境绩效 |
| 650 #0 - SUBJECT ADDED ENTRY--TOPICAL TERM | |
| 9 (RLIN) | 101545 |
| Topical term or geographic name entry element | 制度环境 |
| 650 #0 - SUBJECT ADDED ENTRY--TOPICAL TERM | |
| 9 (RLIN) | 101546 |
| Topical term or geographic name entry element | 组织情境 |
| 650 #0 - SUBJECT ADDED ENTRY--TOPICAL TERM | |
| 9 (RLIN) | 101547 |
| Topical term or geographic name entry element | 非正式制度 |
| 650 #0 - SUBJECT ADDED ENTRY--TOPICAL TERM | |
| 9 (RLIN) | 101548 |
| Topical term or geographic name entry element | Confucian Culture |
| 650 #0 - SUBJECT ADDED ENTRY--TOPICAL TERM | |
| 9 (RLIN) | 101549 |
| Topical term or geographic name entry element | Green Technology Innovation |
| 650 #0 - SUBJECT ADDED ENTRY--TOPICAL TERM | |
| 9 (RLIN) | 101550 |
| Topical term or geographic name entry element | Environmental performance |
| 650 #0 - SUBJECT ADDED ENTRY--TOPICAL TERM | |
| 9 (RLIN) | 101551 |
| Topical term or geographic name entry element | Organization Context |
| 690 ## - LOCAL SUBJECT ADDED ENTRY--TOPICAL TERM (OCLC, RLIN) | |
| 9 (RLIN) | 47390 |
| Topical term or geographic name as entry element | 0011-3 วิทยาลัยนานาชาติศึกษาจีน ปรัชญาดุษฎีบัณฑิต สาขาบริหารธุรกิจ CPHD (หลักสูตรภาษาจีน)(ป.เอก) |
| 856 ## - ELECTRONIC LOCATION AND ACCESS | |
| Uniform Resource Identifier | <a href="https://elibrary.pim.ac.th/ebook/viewer?file=https://elibrary.pim.ac.th/ebook?id=ee3480c0-648d-11f0-8bd5-fa163e01dc04&id=ee3480c0-648d-11f0-8bd5-fa163e01dc04">https://elibrary.pim.ac.th/ebook/viewer?file=https://elibrary.pim.ac.th/ebook?id=ee3480c0-648d-11f0-8bd5-fa163e01dc04&id=ee3480c0-648d-11f0-8bd5-fa163e01dc04</a> |
| Record control number | ee3480c0-648d-11f0-8bd5-fa163e01dc04 |
| Public note | Ebook Full text |
| 856 ## - ELECTRONIC LOCATION AND ACCESS | |
| Uniform Resource Identifier | <a href="https://elibrary.pim.ac.th/ebook/viewer?file=https://elibrary.pim.ac.th/ebook?id=e3ce71af-648d-11f0-8bd5-fa163e01dc04&id=e3ce71af-648d-11f0-8bd5-fa163e01dc04">https://elibrary.pim.ac.th/ebook/viewer?file=https://elibrary.pim.ac.th/ebook?id=e3ce71af-648d-11f0-8bd5-fa163e01dc04&id=e3ce71af-648d-11f0-8bd5-fa163e01dc04</a> |
| Record control number | e3ce71af-648d-11f0-8bd5-fa163e01dc04 |
| Public note | Ebook Abstract |
| 942 ## - ADDED ENTRY ELEMENTS (KOHA) | |
| Source of classification or shelving scheme | Library of Congress Classification |
| Suppress in OPAC | |
| Koha item type | e-Thesis |
No items available.